Derechos fundamentales y derecho privado. Los derechos fundamentales en las relaciones entre particulares y el principio de autonomía privada.

Kaydedildi:
Detaylı Bibliyografya
Yazar: Venegas Grau, María (autora)
Diğer Yazarlar: Asis Roig, Rafael de (prólogo)
Materyal Türü: Kitap
Baskı/Yayın Bilgisi: Madrid, España: Instituto de Derechos Humanos "Bartolomé de las Casas"; Universidad Carlos III de Madrid; Marcial Pons Ediciones Jurídica y Sociales, S.A., 2004.
Konular:
Etiketler: Etiketle
Etiket eklenmemiş, İlk siz ekleyin!

MARC

LEADER 00000nam a22000007a 4500
003 CL-VaPUC
005 20220822114655.0
008 220720t2004 ||||| |||| 00| 0 eng d
999 |c 437307  |d 437305 
020 |a 84-9768-134-7 
040 |c Pontificia Universidad Católica de Valparaíso 
082 7 |a 346.01 VEN 2004  |2 22 
100 1 |a Venegas Grau, María   |e autora  |9 873427 
245 |a Derechos fundamentales y derecho privado.   |b Los derechos fundamentales en las relaciones entre particulares y el principio de autonomía privada.  
260 |a Madrid, España:  |b Instituto de Derechos Humanos "Bartolomé de las Casas";  |b Universidad Carlos III de Madrid;  |b Marcial Pons Ediciones Jurídica y Sociales, S.A.,   |c 2004. 
300 |a 252 páginas.  
500 |a c.1- Donación Familia Prof. Alejandro Guzmán Brito. 
583 |c 20220720  |k Cristina María Rojas Aguilar 
650 |a Derecho civil  |9 255013 
650 |a Responsabilidad civil  |9 873428 
650 |a Derecho privado   |9 258243 
650 |a Derecho de las personas  |9 400542 
700 |a Asis Roig, Rafael de  |e prólogo  |9 608565 
942 |2 ddc  |c BK  |n 0 
952 |0 0  |1 0  |2 ddc  |4 0  |6 346_010000000000000_VEN_2004  |7 1  |8 C_AGB  |9 585065  |a BIBDER  |b BIBDER  |d 2022-07-20  |e Donación   |i 5653128  |l 1  |o 346.01 VEN 2004  |p 5653128  |r 2023-04-05  |s 2023-04-05  |t 1  |w 2022-07-20  |y BK_US  |k AGB